[Event "V4 OPEN - International Championship of Slovakia 2
[Site "Banska Stiavnica"]
[Date "2013.07.07"]
[Round "2"]
[Board "17"]
[White "Toman, Ondrej"]
[Black "Pinter, Erik"]
[Result "0-1"]
[WhiteElo "2061"]
[BlackElo "2364"]
[PlyCount "0"]
[EventDate "2013.07.06"]
[EventRounds "9"]
[EventCountry "SVK"]

1. c4 {[%clk 1:30:58]} g6 {[%clk 1:29:15]} 2. g3 {[%clk 1:31:08]} c5
{[%clk 1:27:48]} 3. Bg2 {[%clk 1:31:29]} Bg7 {[%clk 1:28:13]} 4. Nc3
{[%clk 1:31:51]} Nc6 {[%clk 1:28:34]} 5. a3 {[%clk 1:31:57]} e6 {[%clk 1:24:38]}
6. Nh3 {[%clk 1:31:07]} Nge7 {[%clk 1:24:07]} 7. Nf4 {[%clk 1:30:11]} d6
{[%clk 1:19:44]} 8. Rb1 {[%clk 1:27:28]} a5 {[%clk 1:12:21]} 9. e3
{[%clk 1:25:13]} O-O {[%clk 1:11:53]} 10. O-O {[%clk 1:23:00]} Rb8
{[%clk 1:07:48]} 11. Qb3 {[%clk 1:16:30]} Bd7 {[%clk 1:02:12]} 12. Nb5
{[%clk 1:12:45]} Be8 {[%clk 0:59:32]} 13. Rd1 {[%clk 1:09:46]} Qb6
{[%clk 0:52:19]} 14. Qc2 {[%clk 1:06:57]} Ne5 {[%clk 0:44:28]} 15. b4
{[%clk 0:57:36]} axb4 {[%clk 0:28:52]} 16. axb4 {[%clk 0:54:23]} Bxb5
{[%clk 0:29:06]} 17. cxb5 {[%clk 0:53:15]} c4 {[%clk 0:29:20]} 18. d4
{[%clk 0:51:04]} cxd3 {[%clk 0:29:43]} 19. Nxd3 {[%clk 0:51:27]} Rfc8
{[%clk 0:29:32]} 20. Qb3 {[%clk 0:49:15]} Rc3 {[%clk 0:27:42]} 21. Qxc3
{[%clk 0:46:23]} Nf3+ {[%clk 0:28:03]} 22. Bxf3 {[%clk 0:46:49]} Bxc3
{[%clk 0:28:28]} 23. Nf4 {[%clk 0:45:54]} d5 {[%clk 0:27:56]} 24. Be2
{[%clk 0:44:47]} Nf5 {[%clk 0:25:31]} 25. Rxd5 {[%clk 0:41:38]} exd5
{[%clk 0:15:10]} 26. Nxd5 {[%clk 0:42:06]} Qe6 {[%clk 0:15:03]} 27. Nxc3
{[%clk 0:42:11]} Rd8 {[%clk 0:14:04]} 28. Bf3 {[%clk 0:37:56]} Nxg3
{[%clk 0:04:28]} 29. hxg3 {[%clk 0:28:17]} Qf6 {[%clk 0:04:52]} 30. Kg2
{[%clk 0:28:09]} Qxc3 {[%clk 0:05:12]} 31. Bxb7 {[%clk 0:27:29]} h5
{[%clk 0:04:23]} 32. Bf3 {[%clk 0:22:16]} g5 {[%clk 0:04:37]} 33. Bxh5
{[%clk 0:16:41]} Qc2 {[%clk 0:04:59]} 34. Ra1 {[%clk 0:16:22]} Qc3
{[%clk 0:05:22]} 35. Rb1 {[%clk 0:16:04]} f5 {[%clk 0:05:47]} 36. Bb2
{[%clk 0:14:48]} Qc2 {[%clk 0:05:30]} 37. Bf6 {[%clk 0:15:06]} Rd6
{[%clk 0:04:04]} 38. Rb2 {[%clk 0:13:05]} Qc1 {[%clk 0:04:28]} 39. Be5
{[%clk 0:12:08]} Rd5 {[%clk 0:04:41]} 40. Bf6 {[%clk 0:11:42]} Rd6
{[%clk 0:04:40]} 41. Be5 {[%clk 0:12:10]} Rh6 {[%clk 0:03:51]} 42. g4
{[%clk 0:11:52]} fxg4 {[%clk 0:03:15]} 43. Bxg4 {[%clk 0:09:43]} Qh1+
{[%clk 0:03:12]} 44. Kg3 {[%clk 0:10:07]} Qh2+ {[%clk 0:03:00]} 45. Kf3
{[%clk 0:10:32]} Qxe5 {[%clk 0:03:24]} 46. Rd2 {[%clk 0:10:53]} Rd6
{[%clk 0:01:02]} 47. Rxd6 {[%clk 0:09:16]} Qxd6 {[%clk 0:01:25]} 48. Ke2
{[%clk 0:08:50]} Qd5 {[%clk 0:00:58]} 0-1

[Event "V4 OPEN - International Championship of Slovakia 2
[Site "Banska Stiavnica"]
[Date "2013.07.07"]
[Round "2"]
[Board "19"]
[White "Sturc, Gustav"]
[Black "Talla, Vladimir"]
[Result "1/2-1/2"]
[WhiteElo "2047"]
[BlackElo "2394"]
[PlyCount "0"]
[EventDate "2013.07.06"]
[EventRounds "9"]
[EventCountry "SVK"]

1. e4 {[%clk 1:30:53]} e5 {[%clk 1:30:49]} 2. Nf3 {[%clk 1:31:15]} Nc6
{[%clk 1:31:05]} 3. Bb5 {[%clk 1:31:37]} a6 {[%clk 1:31:27]} 4. Ba4
{[%clk 1:31:55]} g6 {[%clk 1:31:38]} 5. c3 {[%clk 1:30:27]} Bg7 {[%clk 1:32:00]}
6. d4 {[%clk 1:28:22]} exd4 {[%clk 1:32:25]} 7. cxd4 {[%clk 1:28:13]} b5
{[%clk 1:30:53]} 8. Bb3 {[%clk 1:27:12]} Nge7 {[%clk 1:31:19]} 9. Nc3
{[%clk 1:16:20]} O-O {[%clk 1:28:45]} 10. O-O {[%clk 1:15:44]} d6
{[%clk 1:29:09]} 11. h3 {[%clk 1:15:55]} Bb7 {[%clk 1:28:34]} 12. d5
{[%clk 1:01:40]} Na5 {[%clk 1:27:39]} 13. Bf4 {[%clk 0:56:21]} Qd7
{[%clk 1:16:57]} 14. Qd2 {[%clk 0:53:08]} b4 {[%clk 1:13:19]} 15. Ne2
{[%clk 0:52:04]} Nxb3 {[%clk 1:13:26]} 16. axb3 {[%clk 0:52:25]} a5
{[%clk 1:13:45]} 17. Bh6 {[%clk 0:50:49]} c6 {[%clk 1:12:27]} 18. Bxg7
{[%clk 0:49:12]} Kxg7 {[%clk 1:12:52]} 19. Qd4+ {[%clk 0:43:48]} Kg8
{[%clk 1:11:46]} 20. Nf4 {[%clk 0:40:09]} cxd5 {[%clk 1:09:06]} 21. Nxd5
{[%clk 0:39:09]} Nxd5 {[%clk 1:00:39]} 22. exd5 {[%clk 0:38:48]} Qf5
{[%clk 0:56:58]} 23. Rfd1 {[%clk 0:38:16]} Rfc8 {[%clk 0:40:10]} 24. Nh2
{[%clk 0:37:00]} h5 {[%clk 0:37:03]} 25. Nf1 {[%clk 0:36:54]} Rc5
{[%clk 0:37:12]} 1/2-1/2

[Event "V4 OPEN - International Championship of Slovakia 2
[Site "Banska Stiavnica"]
[Date "2013.07.07"]
[Round "2"]
[Board "21"]
[White "Petran, Peter"]
[Black "Toma, Rudolf"]
[Result "1-0"]
[WhiteElo "2324"]
[BlackElo "2068"]
[PlyCount "0"]
[EventDate "2013.07.06"]
[EventRounds "9"]
[EventCountry "SVK"]

1. Nf3 {[%clk 1:30:58]} Nf6 {[%clk 1:30:43]} 2. c4 {[%clk 1:31:13]} e6
{[%clk 1:30:52]} 3. b3 {[%clk 1:31:27]} d5 {[%clk 1:31:11]} 4. Bb2
{[%clk 1:31:50]} Be7 {[%clk 1:31:11]} 5. g3 {[%clk 1:31:55]} O-O {[%clk 1:31:06]}
6. Bg2 {[%clk 1:32:21]} c6 {[%clk 1:31:07]} 7. O-O {[%clk 1:32:37]} Nbd7
{[%clk 1:30:42]} 8. d3 {[%clk 1:30:47]} Re8 {[%clk 1:28:53]} 9. a3
{[%clk 1:30:13]} a5 {[%clk 1:28:35]} 10. Nbd2 {[%clk 1:30:23]} Qc7
{[%clk 1:26:10]} 11. Qc2 {[%clk 1:30:38]} e5 {[%clk 1:25:27]} 12. cxd5
{[%clk 1:30:55]} Nxd5 {[%clk 1:25:49]} 13. Nxe5 {[%clk 1:23:23]} Bxa3
{[%clk 0:53:41]} 14. Bxd5 {[%clk 1:21:37]} Bxb2 {[%clk 0:53:47]} 15. Bxf7+
{[%clk 1:21:40]} Kf8 {[%clk 0:52:40]} 16. Bxe8 {[%clk 1:21:56]} Bxa1
{[%clk 0:51:06]} 17. Nxd7+ {[%clk 1:21:38]} Kxe8 {[%clk 0:51:23]} 18. Rxa1
{[%clk 1:21:49]} Bxd7 {[%clk 0:51:41]} 19. d4 {[%clk 1:16:54]} g6
{[%clk 0:51:37]} 20. Nc4 {[%clk 1:06:24]} b5 {[%clk 0:50:00]} 21. Ne5
{[%clk 1:05:49]} Qd6 {[%clk 0:49:46]} 22. Qc3 {[%clk 0:56:14]} Qd5
{[%clk 0:45:32]} 23. e4 {[%clk 0:54:54]} Qxe4 {[%clk 0:43:13]} 24. Re1
{[%clk 0:55:06]} Qd5 {[%clk 0:43:15]} 25. Nxg6+ {[%clk 0:55:16]} Kd8
{[%clk 0:43:33]} 26. Nf4 {[%clk 0:55:36]} Qf5 {[%clk 0:43:18]} 27. d5
{[%clk 0:55:21]} Kc7 {[%clk 0:42:01]} 28. Ne6+ {[%clk 0:33:22]} Kb7
{[%clk 0:37:14]} 29. dxc6+ {[%clk 0:28:56]} Bxc6 {[%clk 0:37:35]} 30. Qg7+
{[%clk 0:29:15]} 1-0

[Event "V4 OPEN - International Championship of Slovakia 2
[Site "Banska Stiavnica"]
[Date "2013.07.07"]
[Round "2"]
[Board "22"]
[White "Gunajew, Rafal"]
[Black "Tropp, Oliver"]
[Result "1-0"]
[WhiteElo "2294"]
[BlackElo "2059"]
[PlyCount "0"]
[EventDate "2013.07.06"]
[EventRounds "9"]
[EventCountry "SVK"]

1. e4 {[%clk 1:30:51]} e6 {[%clk 1:30:58]} 2. Nf3 {[%clk 1:31:15]} d5
{[%clk 1:31:10]} 3. e5 {[%clk 1:31:38]} c5 {[%clk 1:31:05]} 4. c3
{[%clk 1:32:01]} Nc6 {[%clk 1:31:07]} 5. Na3 {[%clk 1:32:06]} a6 {[%clk 1:30:19]}
6. Nc2 {[%clk 1:31:45]} f6 {[%clk 1:30:25]} 7. exf6 {[%clk 1:30:50]} Nxf6
{[%clk 1:30:33]} 8. d4 {[%clk 1:30:54]} Bd6 {[%clk 1:29:49]} 9. Bg5
{[%clk 1:28:08]} O-O {[%clk 1:30:04]} 10. Bd3 {[%clk 1:27:52]} c4
{[%clk 1:26:16]} 11. Be2 {[%clk 1:27:58]} Qc7 {[%clk 1:25:30]} 12. Ne3
{[%clk 1:26:48]} Ne4 {[%clk 1:16:57]} 13. Bh4 {[%clk 1:26:59]} Bf4
{[%clk 1:17:10]} 14. Qc1 {[%clk 1:24:44]} Ne7 {[%clk 1:09:20]} 15. Bg3
{[%clk 1:21:55]} Nxg3 {[%clk 0:53:57]} 16. hxg3 {[%clk 1:22:15]} Bh6
{[%clk 0:54:00]} 17. Ne5 {[%clk 1:16:57]} Nf5 {[%clk 0:45:36]} 18. g4
{[%clk 1:13:25]} Nxe3 {[%clk 0:41:45]} 19. fxe3 {[%clk 1:12:54]} Qe7
{[%clk 0:38:01]} 20. Rh5 {[%clk 1:07:54]} Bg5 {[%clk 0:30:50]} 21. Qc2
{[%clk 1:06:06]} h6 {[%clk 0:30:43]} 22. Ng6 {[%clk 1:04:36]} Qd6
{[%clk 0:29:07]} 23. Nxf8 {[%clk 1:02:45]} Qg3+ {[%clk 0:26:23]} 24. Kf1
{[%clk 1:00:24]} Bxe3 {[%clk 0:25:38]} 25. Bf3 {[%clk 0:59:46]} Kxf8
{[%clk 0:23:21]} 26. Rh3 {[%clk 0:59:30]} Qf4 {[%clk 0:12:26]} 27. Ke2
{[%clk 0:55:20]} e5 {[%clk 0:06:34]} 28. g3 {[%clk 0:53:58]} Qg5 {[%clk 0:05:34]}
29. Rh5 {[%clk 0:54:07]} 1-0

[Event "V4 OPEN - International Championship of Slovakia 2
[Site "Banska Stiavnica"]
[Date "2013.07.07"]
[Round "2"]
[Board "23"]
[White "Mondrzycki, Bartlomiej"]
[Black "Ruckschloss, Karol"]
[Result "1/2-1/2"]
[WhiteElo "2099"]
[BlackElo "2283"]
[PlyCount "0"]
[EventDate "2013.07.06"]
[EventRounds "9"]
[EventCountry "SVK"]

1. d4 {[%clk 1:30:55]} d6 {[%clk 1:30:44]} 2. Nf3 {[%clk 1:30:02]} Bg4
{[%clk 1:30:05]} 3. e4 {[%clk 1:28:50]} c6 {[%clk 1:29:46]} 4. h3
{[%clk 1:26:43]} Bh5 {[%clk 1:29:40]} 5. Be3 {[%clk 1:19:18]} Qb6
{[%clk 1:25:23]} 6. g4 {[%clk 1:06:45]} Bg6 {[%clk 1:15:03]} 7. Nbd2
{[%clk 1:07:09]} d5 {[%clk 1:03:46]} 8. Ne5 {[%clk 0:49:15]} Nf6 {[%clk 0:58:27]}
9. h4 {[%clk 0:35:02]} Qxb2 {[%clk 0:37:26]} 10. Rb1 {[%clk 0:21:30]} Qxa2
{[%clk 0:35:00]} 11. f3 {[%clk 0:19:56]} h6 {[%clk 0:19:01]} 12. Nxg6
{[%clk 0:20:17]} fxg6 {[%clk 0:19:29]} 13. e5 {[%clk 0:20:26]} Nfd7
{[%clk 0:19:35]} 14. e6 {[%clk 0:20:52]} Nb6 {[%clk 0:19:21]} 15. Nb3
{[%clk 0:14:03]} Qa3 {[%clk 0:11:36]} 16. Bf4 {[%clk 0:14:28]} Na6
{[%clk 0:10:53]} 17. Ra1 {[%clk 0:12:17]} Qb4+ {[%clk 0:10:04]} 18. Kf2
{[%clk 0:12:45]} Nc4 {[%clk 0:09:05]} 19. Bd3 {[%clk 0:11:08]} Kd8
{[%clk 0:05:46]} 20. Qe2 {[%clk 0:09:37]} Nc7 {[%clk 0:05:26]} 21. Kg3
{[%clk 0:04:43]} b6 {[%clk 0:04:58]} 22. Rhe1 {[%clk 0:03:53]} g5
{[%clk 0:04:16]} 23. hxg5 {[%clk 0:03:51]} hxg5 {[%clk 0:04:45]} 24. Bxg5
{[%clk 0:04:08]} g6 {[%clk 0:04:40]} 25. Rh1 {[%clk 0:04:01]} Rg8
{[%clk 0:04:51]} 26. Rh7 {[%clk 0:02:52]} Kc8 {[%clk 0:04:16]} 27. f4
{[%clk 0:02:02]} a5 {[%clk 0:03:47]} 28. Rah1 {[%clk 0:01:35]} a4
{[%clk 0:03:47]} 29. Nc1 {[%clk 0:02:03]} Qd6 {[%clk 0:03:25]} 30. Re1
{[%clk 0:02:02]} Kb7 {[%clk 0:02:58]} 31. c3 {[%clk 0:01:50]} b5 {[%clk 0:01:57]}
32. Bc2 {[%clk 0:01:39]} Qa3 {[%clk 0:01:39]} 33. Qf3 {[%clk 0:01:22]} Nd2
{[%clk 0:01:02]} 34. Qe3 {[%clk 0:01:38]} Nc4 {[%clk 0:01:19]} 35. Qf3
{[%clk 0:02:01]} Qd6 {[%clk 0:01:20]} 36. Nd3 {[%clk 0:01:58]} Kb6
{[%clk 0:01:36]} 37. Nc5 {[%clk 0:02:19]} Re8 {[%clk 0:01:48]} 38. Qe2
{[%clk 0:01:48]} Na6 {[%clk 0:02:10]} 39. Nd7+ {[%clk 0:01:44]} Ka7
{[%clk 0:02:30]} 40. Reh1 {[%clk 0:00:58]} Nc7 {[%clk 0:01:44]} 41. Re1
{[%clk 0:20:57]} Qa3 {[%clk 0:32:00]} 42. Qf3 {[%clk 0:17:12]} Nd2
{[%clk 0:32:15]} 43. Qe3 {[%clk 0:16:45]} Nc4 {[%clk 0:32:34]} 44. Qd3
{[%clk 0:16:12]} Bg7 {[%clk 0:27:35]} 45. Rhh1 {[%clk 0:13:00]} Qd6
{[%clk 0:25:28]} 46. Nc5 {[%clk 0:11:01]} Na6 {[%clk 0:25:24]} 47. Nd7
{[%clk 0:09:22]} Nc7 {[%clk 0:25:41]} 1/2-1/2

[Event "V4 OPEN - International Championship of Slovakia 2
[Site "Banska Stiavnica"]
[Date "2013.07.07"]
[Round "2"]
[Board "24"]
[White "Karas, Marek"]
[Black "Peterson, Eric"]
[Result "0-1"]
[WhiteElo "2017"]
[BlackElo "2239"]
[PlyCount "0"]
[EventDate "2013.07.06"]
[EventRounds "9"]
[EventCountry "SVK"]

1. d4 {[%clk 1:30:58]} e6 {[%clk 1:30:54]} 2. Nf3 {[%clk 1:31:21]} d5
{[%clk 1:31:07]} 3. c4 {[%clk 1:31:45]} Nf6 {[%clk 1:31:27]} 4. e3
{[%clk 1:32:09]} c5 {[%clk 1:31:00]} 5. cxd5 {[%clk 1:32:25]} Nxd5
{[%clk 1:31:09]} 6. Be2 {[%clk 1:31:51]} Nc6 {[%clk 1:29:47]} 7. O-O
{[%clk 1:31:53]} cxd4 {[%clk 1:23:23]} 8. Nxd4 {[%clk 1:30:28]} Bd7
{[%clk 1:17:03]} 9. e4 {[%clk 1:24:08]} Nxd4 {[%clk 1:08:08]} 10. Qxd4
{[%clk 1:20:11]} Nb4 {[%clk 1:08:15]} 11. Na3 {[%clk 1:18:35]} Bc6
{[%clk 1:02:49]} 12. Qxd8+ {[%clk 1:17:56]} Rxd8 {[%clk 1:03:09]} 13. Bb5
{[%clk 1:15:17]} Bc5 {[%clk 0:59:33]} 14. Bxc6+ {[%clk 1:11:54]} Nxc6
{[%clk 0:58:54]} 15. Nb5 {[%clk 1:11:01]} Ke7 {[%clk 0:56:05]} 16. a3
{[%clk 1:02:37]} Rd3 {[%clk 0:51:46]} 17. b4 {[%clk 1:01:04]} Bb6
{[%clk 0:50:49]} 18. Bb2 {[%clk 0:58:51]} a6 {[%clk 0:48:14]} 19. Nc3
{[%clk 0:59:02]} Bd4 {[%clk 0:35:24]} 20. Rac1 {[%clk 0:57:29]} Rd8
{[%clk 0:33:10]} 21. Rc2 {[%clk 0:51:33]} Ne5 {[%clk 0:29:05]} 22. Nb1
{[%clk 0:50:15]} Bxb2 {[%clk 0:28:40]} 23. Rxb2 {[%clk 0:50:38]} Nc4
{[%clk 0:27:00]} 24. Ra2 {[%clk 0:50:49]} Rb3 {[%clk 0:22:48]} 25. f3
{[%clk 0:49:46]} Rdd3 {[%clk 0:21:54]} 26. Rc1 {[%clk 0:49:56]} b5
{[%clk 0:21:22]} 27. a4 {[%clk 0:49:26]} Rxb4 {[%clk 0:20:01]} 28. axb5
{[%clk 0:49:44]} axb5 {[%clk 0:20:08]} 29. Nc3 {[%clk 0:49:47]} Ne3
{[%clk 0:16:28]} 30. Ra7+ {[%clk 0:48:33]} Kf6 {[%clk 0:15:30]} 31. Ne2
{[%clk 0:46:57]} Rd2 {[%clk 0:11:33]} 32. Kf2 {[%clk 0:46:28]} Rbb2
{[%clk 0:09:27]} 33. Kxe3 {[%clk 0:46:15]} Rxe2+ {[%clk 0:09:51]} 34. Kd3
{[%clk 0:46:22]} Rbd2+ {[%clk 0:09:54]} 35. Kc3 {[%clk 0:46:44]} Rxg2
{[%clk 0:09:49]} 36. Rb1 {[%clk 0:46:59]} Rdf2 {[%clk 0:09:01]} 37. e5+
{[%clk 0:46:54]} Kg6 {[%clk 0:08:49]} 0-1

[Event "V4 OPEN - International Championship of Slovakia 2
[Site "Banska Stiavnica"]
[Date "2013.07.07"]
[Round "2"]
[Board "25"]
[White "Pereszlenyi, Gejza"]
[Black "Nayhebaver, Martin"]
[Result "0-1"]
[WhiteElo "2021"]
[BlackElo "2228"]
[PlyCount "0"]
[EventDate "2013.07.06"]
[EventRounds "9"]
[EventCountry "SVK"]

1. d4 {[%clk 1:30:37]} Nf6 {[%clk 1:30:53]} 2. Nf3 {[%clk 1:30:40]} g6
{[%clk 1:31:03]} 3. c3 {[%clk 1:30:37]} Bg7 {[%clk 1:30:55]} 4. Bf4
{[%clk 1:30:58]} O-O {[%clk 1:30:52]} 5. Nbd2 {[%clk 1:31:18]} d6
{[%clk 1:30:53]} 6. e3 {[%clk 1:27:22]} c5 {[%clk 1:29:52]} 7. dxc5
{[%clk 1:22:35]} dxc5 {[%clk 1:30:00]} 8. Nc4 {[%clk 1:22:56]} Nc6
{[%clk 1:27:05]} 9. Qxd8 {[%clk 1:18:00]} Rxd8 {[%clk 1:27:26]} 10. a4
{[%clk 1:18:13]} Nd5 {[%clk 1:25:15]} 11. Rd1 {[%clk 1:17:20]} Bf5
{[%clk 1:16:07]} 12. Nce5 {[%clk 1:07:42]} Nxf4 {[%clk 1:14:04]} 13. Rxd8+
{[%clk 0:58:43]} Rxd8 {[%clk 1:13:43]} 14. exf4 {[%clk 0:59:10]} Nxe5
{[%clk 1:11:28]} 15. Nxe5 {[%clk 0:53:55]} Bc2 {[%clk 1:10:46]} 16. Be2
{[%clk 0:47:49]} Bxa4 {[%clk 1:08:10]} 17. h4 {[%clk 0:40:19]} Bb3
{[%clk 1:00:53]} 18. Rh3 {[%clk 0:40:23]} Be6 {[%clk 0:49:14]} 19. Re3
{[%clk 0:37:49]} Kf8 {[%clk 0:45:36]} 20. h5 {[%clk 0:37:06]} Bxe5
{[%clk 0:44:33]} 21. Rxe5 {[%clk 0:36:46]} Rd5 {[%clk 0:41:33]} 22. Re3
{[%clk 0:30:29]} Rd6 {[%clk 0:40:01]} 23. h6 {[%clk 0:27:25]} Bd5
{[%clk 0:35:52]} 24. g3 {[%clk 0:26:15]} Re6 {[%clk 0:32:55]} 25. Rd3
{[%clk 0:22:23]} Rxe2+ {[%clk 0:31:12]} 26. Kxe2 {[%clk 0:22:43]} Bc4
{[%clk 0:31:40]} 27. Ke3 {[%clk 0:23:09]} Bxd3 {[%clk 0:32:03]} 28. Kxd3
{[%clk 0:23:34]} b5 {[%clk 0:32:24]} 29. b4 {[%clk 0:22:48]} Ke8 {[%clk 0:32:34]}
30. Ke4 {[%clk 0:15:45]} cxb4 {[%clk 0:26:45]} 31. cxb4 {[%clk 0:16:09]} Kd7
{[%clk 0:27:09]} 32. Kd5 {[%clk 0:16:02]} Kc7 {[%clk 0:27:09]} 33. Kc5
{[%clk 0:16:06]} a6 {[%clk 0:27:21]} 34. g4 {[%clk 0:16:13]} Kb7 {[%clk 0:24:53]}
35. f5 {[%clk 0:11:14]} gxf5 {[%clk 0:25:05]} 36. gxf5 {[%clk 0:10:43]} Kc7 37.
f4 {[%clk 0:10:15]} Kb7 {[%clk 0:25:26]} 38. f6 {[%clk 0:06:16]} exf6
{[%clk 0:25:50]} 39. f5 {[%clk 0:06:06]} Kc7 {[%clk 0:26:10]} 40. Kd5
{[%clk 0:05:36]} Kb6 {[%clk 0:26:01]} 41. Kd6 {[%clk 0:02:27]} a5
{[%clk 0:26:17]} 42. bxa5+ {[%clk 0:02:30]} Kxa5 {[%clk 0:26:43]} 43. Ke7
{[%clk 0:02:50]} b4 {[%clk 0:27:10]} 44. Kxf6 {[%clk 0:00:42]} b3
{[%clk 0:27:34]} 45. Kxf7 {[%clk 0:00:46]} b2 {[%clk 0:27:56]} 46. Kg7
{[%clk 0:01:11]} b1=Q {[%clk 0:28:16]} 47. Kxh7 {[%clk 0:01:30]} Qxf5+
{[%clk 0:28:39]} 48. Kh8 {[%clk 0:01:00]} Qf6+ {[%clk 0:29:04]} 49. Kh7
{[%clk 0:01:10]} Kb6 {[%clk 0:29:30]} 0-1

[Event "V4 OPEN - International Championship of Slovakia 2
[Site "Banska Stiavnica"]
[Date "2013.07.07"]
[Round "2"]
[Board "26"]
[White "Cernousek, Lukas"]
[Black "Harvan, Richard"]
[Result "1-0"]
[WhiteElo "2454"]
[BlackElo "2054"]
[PlyCount "0"]
[EventDate "2013.07.06"]
[EventRounds "9"]
[EventCountry "SVK"]

1. d4 {[%clk 1:29:51]} Nf6 {[%clk 1:30:39]} 2. c4 {[%clk 1:30:07]} g6
{[%clk 1:30:16]} 3. g3 {[%clk 1:30:29]} Bg7 {[%clk 1:30:39]} 4. Bg2
{[%clk 1:30:54]} O-O {[%clk 1:30:56]} 5. Nc3 {[%clk 1:31:11]} d6 {[%clk 1:30:02]}
6. Nf3 {[%clk 1:31:35]} Nc6 {[%clk 1:30:06]} 7. O-O {[%clk 1:31:58]} Bf5
{[%clk 1:28:36]} 8. d5 {[%clk 1:32:06]} Na5 {[%clk 1:27:35]} 9. Nd2
{[%clk 1:32:30]} c5 {[%clk 1:26:54]} 10. e4 {[%clk 1:32:55]} Bd7 {[%clk 1:21:39]}
11. Qc2 {[%clk 1:33:13]} a6 {[%clk 1:17:58]} 12. b3 {[%clk 1:30:56]} b5
{[%clk 1:10:58]} 13. Bb2 {[%clk 1:31:23]} Ra7 {[%clk 1:06:26]} 14. Nd1
{[%clk 1:31:09]} e6 {[%clk 0:53:12]} 15. Ne3 {[%clk 1:12:46]} exd5
{[%clk 0:45:54]} 16. cxd5 {[%clk 1:13:13]} Ng4 {[%clk 0:37:48]} 17. Nxg4
{[%clk 1:13:40]} Bxg4 {[%clk 0:37:52]} 18. Bxg7 {[%clk 1:14:03]} Kxg7
{[%clk 0:38:10]} 19. f4 {[%clk 1:00:50]} Qf6 {[%clk 0:20:57]} 20. e5
{[%clk 0:59:51]} Qd8 {[%clk 0:14:29]} 21. Qb2 {[%clk 0:46:02]} Nb7
{[%clk 0:10:16]} 22. Ne4 {[%clk 0:46:10]} Bf5 {[%clk 0:03:41]} 23. Nf6
{[%clk 0:46:16]} a5 {[%clk 0:01:02]} 24. g4 {[%clk 0:38:27]} Bd3 {[%clk 0:00:41]}
25. Rf3 {[%clk 0:38:54]} c4 {[%clk 0:00:54]} 26. g5 {[%clk 0:39:19]} b4
{[%clk 0:00:34]} 27. Qd4 {[%clk 0:25:30]} Ra6 {[%clk 0:00:36]} 28. Nd7
{[%clk 0:25:58]} Nc5 {[%clk 0:00:35]} 29. exd6+ {[%clk 0:22:46]} 1-0

[Event "V4 OPEN - International Championship of Slovakia 2
[Site "Banska Stiavnica"]
[Date "2013.07.07"]
[Round "2"]
[Board "27"]
[White "Cech, Dominik"]
[Black "Nasuta, Grzegorz"]
[Result "0-1"]
[WhiteElo "2094"]
[BlackElo "2353"]
[PlyCount "0"]
[EventDate "2013.07.06"]
[EventRounds "9"]
[EventCountry "SVK"]

1. e4 {[%clk 1:26:42]} c5 {[%clk 1:30:53]} 2. Nf3 {[%clk 1:26:41]} d6
{[%clk 1:31:16]} 3. d4 {[%clk 1:26:48]} cxd4 {[%clk 1:31:39]} 4. Nxd4
{[%clk 1:27:13]} Nf6 {[%clk 1:32:03]} 5. Nc3 {[%clk 1:27:31]} a6 {[%clk 1:32:27]}
6. Be2 {[%clk 1:27:31]} e6 {[%clk 1:32:50]} 7. O-O {[%clk 1:27:33]} Be7
{[%clk 1:33:08]} 8. f4 {[%clk 1:27:12]} O-O {[%clk 1:33:14]} 9. Be3
{[%clk 1:24:40]} Qc7 {[%clk 1:33:37]} 10. Bf3 {[%clk 1:20:04]} Nc6
{[%clk 1:31:51]} 11. Qe1 {[%clk 1:15:45]} Na5 {[%clk 1:26:32]} 12. Rd1
{[%clk 0:57:33]} Re8 {[%clk 1:11:09]} 13. Qg3 {[%clk 0:45:48]} Bf8
{[%clk 0:31:28]} 14. f5 {[%clk 0:17:52]} g6 {[%clk 0:30:58]} 15. Qh4
{[%clk 0:13:46]} Bg7 {[%clk 0:31:00]} 16. Bg5 {[%clk 0:13:16]} Nd7
{[%clk 0:31:15]} 17. f6 {[%clk 0:11:12]} Bh8 {[%clk 0:30:44]} 18. Be2
{[%clk 0:10:01]} Nc6 {[%clk 0:21:17]} 19. Nxc6 {[%clk 0:07:24]} bxc6
{[%clk 0:21:46]} 20. Rd3 {[%clk 0:06:25]} e5 {[%clk 0:21:36]} 21. Bg4
{[%clk 0:04:33]} Nf8 {[%clk 0:19:59]} 22. Bxc8 {[%clk 0:04:03]} Raxc8
{[%clk 0:14:55]} 23. Bh6 {[%clk 0:04:22]} Ne6 {[%clk 0:14:26]} 24. Rh3
{[%clk 0:03:58]} Qb7 {[%clk 0:10:04]} 25. Bg7 {[%clk 0:03:18]} h5
{[%clk 0:10:32]} 26. Bxh8 {[%clk 0:03:10]} Kxh8 {[%clk 0:11:01]} 27. g4
{[%clk 0:03:23]} Qxb2 {[%clk 0:07:31]} 28. Qe1 {[%clk 0:01:26]} Nf4
{[%clk 0:04:34]} 29. Rxf4 {[%clk 0:01:10]} exf4 {[%clk 0:04:59]} 30. Qd2
{[%clk 0:01:12]} Re5 {[%clk 0:04:13]} 31. Qxd6 {[%clk 0:00:52]} Qc1+
{[%clk 0:04:22]} 32. Nd1 {[%clk 0:00:42]} Rd5 {[%clk 0:00:55]} 33. exd5
{[%clk 0:01:00]} Qxd1+ {[%clk 0:01:24]} 34. Kf2 {[%clk 0:01:04]} Qd2+
{[%clk 0:01:44]} 35. Kf1 {[%clk 0:01:06]} Qd1+ {[%clk 0:01:13]} 36. Kf2
{[%clk 0:01:34]} cxd5 {[%clk 0:01:32]} 37. c3 {[%clk 0:01:10]} Re8
{[%clk 0:01:04]} 38. Qe7 {[%clk 0:01:02]} Rxe7 {[%clk 0:01:25]} 39. fxe7
{[%clk 0:01:30]} Qc2+ {[%clk 0:01:50]} 40. Kf1 {[%clk 0:01:52]} Qe4
{[%clk 0:02:18]} 0-1